Socialismus a közigazgatásban.
Elmentve itt :
| Szerző: | |
|---|---|
| Adatforrás: | Philobibl |
| Forrásdokumentuma: | Jogállam 1902. 29-38.p. |
| Dokumentumtípus: | Cikk |
| Nyelv: | magyar |
| Kulcsszavak: | szocializmus államelmélet, marxista |
| LEADER | 00346nab a2200121 c 4500 | ||
|---|---|---|---|
| 001 | bibDOK00026414 | ||
| 005 | 20230117161846.5 | ||
| 008 | 060518s1902 hu hun | ||
| 100 | 1 | |a Lukács György | |
| 245 | 1 | 0 | |a Socialismus a közigazgatásban. |c Lukács György |
| 695 | |a szocializmus | ||
| 695 | |a államelmélet, marxista | ||
| 773 | 0 | |t Jogállam |g 1902. 29-38.p. | |